LIBRARY & INFORMATION CENTRE, KCAET, TAVANUR

ONLINE PUBLIC ACCESS CATALOGUE (OPAC)

Handling, Transportation and Storage of Fruits and Vegetables - volume - 1: Vegetables and Melons (Record no. 14520)

MARC details
000 -LEADER
fixed length control field 00448nam a22001457a 4500
020 ## - INTERNATIONAL STANDARD BOOK NUMBER
ISBN 9789381714621
082 ## - DEWEY DECIMAL CLASSIFICATION NUMBER
Classification number 664
Item number RYA/HA
100 ## - MAIN ENTRY--AUTHOR NAME
Personal name Ryall,Lloyd A.
100 ## - MAIN ENTRY--AUTHOR NAME
Personal name Lipton,Werner J.
245 ## - TITLE STATEMENT
Title Handling, Transportation and Storage of Fruits and Vegetables - volume - 1: Vegetables and Melons
250 ## - EDITION STATEMENT
Edition statement 2 nd
260 ## - PUBLICATION, DISTRIBUTION, ETC. (IMPRINT)
Place of publication New Delhi
Name of publisher Medtec An Imprint of Scientific International Pvt. Ltd
Year of publication 2014
300 ## - PHYSICAL DESCRIPTION
Number of Pages 587
942 ## - ADDED ENTRY ELEMENTS (KOHA)
Koha item type Books
Holdings
Withdrawn status Lost status Damaged status Collection code Home library Current library Shelving location Date acquired Source of acquisition Cost, normal purchase price Full call number Accession Number Koha item type
        KAUAET KAUAET General Stacks 14/07/2016 Arunima Book Distributors,TVPM 995.00 664 RYA/HA 24821 Books
        KAUAET KAUAET General Stacks 22/07/2016 Ganesh Book Centre Trivandrum 995.00 664 RYA/HA 24591 Books
        KAUAET KAUAET Scheme 25/08/2016 Dream Tech Publishers & Book Sellers, Trivandrum. 1095.00 664 RYA/HA BB 349 Book Bank scheme for SC students
free website counter